[Event "Kiev Shystariov Rapid"]
[Site "Kiev"]
[Date "2021.08.28"]
[Round "3"]
[White "Bajarani, Ilgar"]
[Black "Roshka, Yevgeniy"]
[Result "0-1"]
[WhiteElo "2281"]
[BlackElo "2476"]
[PlyCount "118"]
[EventDate "2021.08.28"]
[EventType "swiss (rapid)"]
[EventRounds "9"]
[EventCountry "UKR"]
[SourceTitle "CBM 204 Extra"]
[Source "ChessBase"]
[SourceDate "2021.11.30"]
[SourceVersion "1"]
[SourceVersionDate "2021.11.30"]
[SourceQuality "1"]

1. e4 g6 2. d4 Bg7 3. Nc3 d6 4. Bg5 a6 5. Qd2 Nd7 6. f3 b5 7. Nh3 Bb7 8. a3 c5 9. d5 Qa5 10. Nd1 Qxd2+ 11. Bxd2 e6 12. dxe6 fxe6 13. Bc3 Ngf6 14. Nf4 Ke7 15. g3 g5 16. Nd3 g4 17. Bg2 gxf3 18. Bxf3 c4 19. N3f2 Rhf8 20. 0-0 Nc5 21. Bg2 Ne8 22. Bxg7 Nxg7 23. Nc3 e5 24. Ng4 Rxf1+ 25. Rxf1 Rf8 26. Ne3 Rxf1+ 27. Kxf1 Ne8 28. Ned5+ Bxd5 29. exd5 Nf6 30. h3 Kf7 31. Kf2 Kg6 32. Ke3 h6 33. Bf3 Kf5 34. g4+ Kg5 35. Bg2 Kh4 36. Bf1 Kg3 37. Ke2 Kf4 38. Bg2 Kg3 39. Bf1 Nh7 40. b4 cxb3 41. cxb3 Ng5 42. b4 Nce4 43. Nxe4+ Nxe4 44. Ke1 Nc3 45. Kd2 Nb1+ 46. Ke3 Nxa3 47. Ke4 Nc2 48. Kf5 Ne3+ 49. Ke6 Nxf1 50. Kxd6 e4 51. Kc5 e3 52. d6 e2 53. d7 e1Q 54. d8Q Qe5+ 55. Kb6 Qe6+ 56. Ka5 Kxh3 57. Qd3+ Ne3 58. g5 Kh4 59. Qd4+ Kh5 0-1

[Event "Nancy Meurthe rapid 18th"]
[Site "Nancy"]
[Date "2020.02.16"]
[Round "8"]
[White "Bajarani, Ilgar"]
[Black "Meier, Georg"]
[Result "0-1"]
[WhiteElo "2281"]
[BlackElo "2622"]
[PlyCount "54"]
[EventDate "2020.02.16"]
[EventType "swiss (rapid)"]
[EventRounds "9"]
[EventCountry "FRA"]
[SourceTitle "CBM 194 Extra"]
[Source "ChessBase"]
[SourceDate "2020.03.31"]
[SourceVersion "1"]
[SourceVersionDate "2020.03.31"]
[SourceQuality "1"]

1. d4 e6 2. Nf3 Nf6 3. c4 Bb4+ 4. Bd2 Bxd2+ 5. Nbxd2 d6 6. e3 b6 7. Be2 Bb7 8. 0-0 Nbd7 9. Qc2 c5 10. Rfd1 0-0 11. a3 Rc8 12. Rac1 Qe7 13. b4 a6 14. Qb2 Rc7 15. a4 cxb4 16. Qxb4 a5 17. Qa3 Rfc8 18. Rb1 Kf8 19. Rb2 d5 20. Qb3 dxc4 21. Nxc4 Nd5 22. Nfe5 Nb4 23. Nxd7+ Qxd7 24. d5 Bxd5 25. e4 Rxc4 26. exd5 Rc3 27. dxe6 Qe7 0-1

[Event "St Petersburg Chess Day"]
[Site "St Petersburg"]
[Date "2017.07.16"]
[Round "1"]
[White "Timerkhanov, Alexander"]
[Black "Bajarani, Ilgar"]
[Result "1-0"]
[WhiteElo "2319"]
[BlackElo "2304"]
[PlyCount "109"]
[EventDate "2017.07.16"]
[EventType "tourn"]
[EventRounds "9"]
[EventCountry "RUS"]
[EventCategory "2"]
[SourceTitle "CBM 179 Extra"]
[Source "ChessBase"]
[SourceDate "2017.08.23"]
[SourceVersion "1"]
[SourceVersionDate "2017.08.23"]
[SourceQuality "1"]

1. d4 e6 2. c4 d5 3. Nc3 Bb4 4. e3 Nf6 5. Qb3 Bd6 6. Bd2 c6 7. Nf3 0-0 8. Bd3 Nbd7 9. 0-0-0 a5 10. c5 Bc7 11. e4 e5 12. Be3 dxe4 13. Nxe4 Nd5 14. Bc4 a4 15. Qa3 Re8 16. Bxd5 cxd5 17. Nc3 e4 18. Ne1 Nb8 19. b4 Bg4 20. Rd2 Nc6 21. Nc2 Qd7 22. h3 Be6 23. Ne2 Ne7 24. Bf4 Bd8 25. Ne3 Ng6 26. Bg3 f5 27. h4 Bf6 28. Qc3 a3 29. h5 Ne7 30. Be5 Bg5 31. f4 exf3 32. gxf3 Nc6 33. Rg1 Nxe5 34. dxe5 Bh6 35. f4 Qf7 36. Rd4 b6 37. c6 b5 38. Kd2 Rec8 39. Qc5 Ra6 40. Rc1 Raxc6 41. Qxc6 Rxc6 42. Rxc6 g6 43. hxg6 hxg6 44. Nc3 g5 45. Nexd5 gxf4 46. Nf6+ Kg7 47. Ke2 Kg6 48. Ncd5 Qa7 49. Kd3 Bxd5 50. Nxd5+ Kg5 51. Nxf4 Kg4 52. Rxh6 Qa8 53. Rg6+ Kh4 54. Nd5+ Kh5 55. Rg2 1-0

[Event "St Petersburg Chess Day"]
[Site "St Petersburg"]
[Date "2016.07.19"]
[Round "5"]
[White "Bajarani, Ilgar"]
[Black "Timerkhanov, Alexander"]
[Result "1/2-1/2"]
[WhiteElo "2292"]
[BlackElo "2302"]
[PlyCount "24"]
[EventDate "2016.07.16"]
[EventType "tourn"]
[EventRounds "9"]
[EventCountry "RUS"]
[EventCategory "4"]
[SourceTitle "EXT 2017"]
[Source "ChessBase"]
[SourceDate "2016.10.25"]
[SourceVersion "1"]
[SourceVersionDate "2016.10.25"]
[SourceQuality "1"]

1. e4 c5 2. Nf3 d6 3. Bb5+ Bd7 4. Bxd7+ Qxd7 5. 0-0 Nf6 6. Qe2 Nc6 7. c3 e6 8. d4 cxd4 9. cxd4 d5 10. e5 Ne4 11. Nbd2 Nxd2 12. Bxd2 Be7 1/2-1/2

[Event "Sharjah op rapid"]
[Site "Sharjah"]
[Date "2014.07.07"]
[Round "6"]
[White "Abdulkarim, Ali"]
[Black "Bajarani, Ilgar"]
[Result "1/2-1/2"]
[WhiteElo "1971"]
[BlackElo "2273"]
[PlyCount "69"]
[EventDate "2014.07.05"]
[EventType "swiss (rapid)"]
[EventRounds "9"]
[EventCountry "UAE"]
[SourceTitle "CBM 161 Extra"]
[Source "ChessBase"]
[SourceDate "2014.08.29"]
[SourceVersion "1"]
[SourceVersionDate "2014.08.29"]
[SourceQuality "1"]

1. d4 d5 2. c4 c6 3. Nc3 Nf6 4. cxd5 cxd5 5. Bf4 Nc6 6. Rc1 e6 7. Nf3 a6 8. e3 Be7 9. Bd3 0-0 10. 0-0 Bd7 11. Ne5 Nxe5 12. dxe5 Ne8 13. Qh5 g6 14. Qd1 f5 15. Qb3 g5 16. Bg3 f4 17. exf4 gxf4 18. Nxd5 exd5 19. Qxd5+ Kg7 20. Qf3 fxg3 21. Qh5 Rh8 22. fxg3 Be6 23. Rcd1 Qd4+ 24. Kh1 Qe3 25. Bc4 Qg5 26. Qxg5+ Bxg5 27. Bxe6 Kh6 28. h4 Bd8 29. Rd7 Nc7 30. Rxc7 Bxc7 31. Rf6+ Kg7 32. Rf7+ Kg6 33. Rf6+ Kg7 34. Rf7+ Kg6 35. Bc4 1/2-1/2

[Event "Sharjah op rapid"]
[Site "Sharjah"]
[Date "2014.07.07"]
[Round "5"]
[White "Bajarani, Ilgar"]
[Black "Valerio, Axel John"]
[Result "1-0"]
[WhiteElo "2273"]
[BlackElo "1907"]
[PlyCount "55"]
[EventDate "2014.07.05"]
[EventType "swiss (rapid)"]
[EventRounds "9"]
[EventCountry "UAE"]
[SourceTitle "CBM 161 Extra"]
[Source "ChessBase"]
[SourceDate "2014.08.29"]
[SourceVersion "1"]
[SourceVersionDate "2014.08.29"]
[SourceQuality "1"]

1. d4 Nf6 2. Nf3 d5 3. c4 e6 4. Nc3 c6 5. Qb3 Be7 6. g3 0-0 7. Bg2 Nbd7 8. 0-0 Qb6 9. c5 Qxb3 10. axb3 e5 11. b4 exd4 12. Nxd4 Ne5 13. f4 Ng6 14. h3 Rd8 15. Be3 Nf8 16. f5 Bd7 17. g4 a5 18. g5 Ne8 19. f6 gxf6 20. gxf6 Nxf6 21. bxa5 Ne6 22. b4 Nxd4 23. Bxd4 Nh5 24. Be5 f6 25. Bh2 Kf7 26. Rf3 Rg8 27. e4 dxe4 28. Nxe4 1-0

[Event "Prince Mohammed 17th"]
[Site "Zarga"]
[Date "2009.10.10"]
[Round "8"]
[White "Bajarani, Ilgar"]
[Black "Neverov, Valeriy"]
[Result "1/2-1/2"]
[WhiteElo "2338"]
[BlackElo "2543"]
[PlyCount "74"]
[EventDate "2009.10.05"]
[EventType "tourn"]
[EventRounds "14"]
[EventCountry "JOR"]
[EventCategory "8"]
[SourceTitle "EXT 2022"]
[Source "ChessBase"]
[SourceDate "2021.10.06"]
[SourceVersion "1"]
[SourceVersionDate "2021.10.06"]
[SourceQuality "1"]

1. e4 Nf6 2. e5 Nd5 3. d4 d6 4. c4 Nb6 5. exd6 cxd6 6. Nc3 g6 7. Be3 Bg7 8. Rc1 0-0 9. b3 e5 10. dxe5 dxe5 11. c5 N6d7 12. Nb5 Nc6 13. Nf3 Nf6 14. Qxd8 Rxd8 15. Bc4 Ne4 16. Ng5 Nxg5 17. Bxg5 Rd7 18. Nd6 h6 19. Be3 Re7 20. 0-0 Rb8 21. Nxc8 Rxc8 22. Rfd1 Nd4 23. b4 Nf5 24. Bd5 e4 25. Kf1 Nxe3+ 26. fxe3 h5 27. b5 Bb2 28. Rc2 Ba3 29. c6 bxc6 30. bxc6 Kg7 31. Bb3 Bb4 32. Rd7 Rc7 33. Rxe7 Bxe7 34. g3 f5 35. Ba4 Kf6 36. Rd2 Bc5 37. Ke2 Ke7 1/2-1/2

[Event "Prince Mohammed 17th"]
[Site "Zarga"]
[Date "2009.10.06"]
[Round "2"]
[White "Mansour, Sameer"]
[Black "Bajarani, Ilgar"]
[Result "1-0"]
[WhiteElo "2293"]
[BlackElo "2338"]
[PlyCount "110"]
[EventDate "2009.10.05"]
[EventType "tourn"]
[EventRounds "14"]
[EventCountry "JOR"]
[EventCategory "8"]
[SourceTitle "EXT 2022"]
[Source "ChessBase"]
[SourceDate "2021.10.06"]
[SourceVersion "1"]
[SourceVersionDate "2021.10.06"]
[SourceQuality "1"]

1. e4 e6 2. d3 d5 3. Nd2 c5 4. Ngf3 Nc6 5. g3 g6 6. Bg2 Bg7 7. 0-0 Nge7 8. Re1 b6 9. h4 h6 10. c3 a5 11. a4 Ba6 12. Nf1 Qd7 13. e5 Qc7 14. Qe2 0-0-0 15. N1h2 Kb7 16. Bd2 c4 17. d4 Nf5 18. Bf4 Ka7 19. Qd1 Bf8 20. b3 Be7 21. bxc4 dxc4 22. Ng4 g5 23. hxg5 hxg5 24. Nxg5 Ncxd4 25. cxd4 Rxd4 26. Qf3 Rd3 27. Ne3 Nd4 28. Qe4 Bb4 29. Rac1 Bxe1 30. Nxc4 Nb3 31. Nxa5 Nxc1 32. Qxe1 Rd1 33. Qxd1 Ne2+ 34. Qxe2 Bxe2 35. Nc6+ Ka6 36. Bd2 b5 37. Nb4+ Ka5 38. Nd5+ Kxa4 39. Nxc7 Rd8 40. Be3 b4 41. Ngxe6 fxe6 42. Nxe6 Rd1+ 43. Kh2 b3 44. Nc5+ Kb4 45. Nxb3 Kxb3 46. Kh3 Rd8 47. g4 Re8 48. f4 Rh8+ 49. Kg3 Bd3 50. Bc6 Rg8 51. e6 Bf5 52. e7 Rxg4+ 53. Kf3 Rg8 54. e8Q Rxe8 55. Bxe8 Kc4 1-0

[Event "Dubai op 10th"]
[Site "Dubai"]
[Date "2008.04.13"]
[Round "8"]
[White "Negi, Parimarjan"]
[Black "Bajarani, Ilgar"]
[Result "1-0"]
[WhiteElo "2514"]
[BlackElo "2345"]
[PlyCount "79"]
[EventDate "2008.04.06"]
[EventType "swiss"]
[EventRounds "9"]
[EventCountry "UAE"]
[SourceTitle "CBM 123 Extra"]
[Source "ChessBase"]
[SourceDate "2008.05.06"]
[SourceVersion "1"]
[SourceVersionDate "2008.05.06"]
[SourceQuality "1"]

1. e4 c5 2. Nf3 g6 3. d4 cxd4 4. Nxd4 Bg7 5. Nc3 Nc6 6. Be3 Nf6 7. Bc4 0-0 8. Bb3 a5 9. 0-0 Nxd4 10. Bxd4 d6 11. Qe2 Bg4 12. f3 Bd7 13. Rad1 a4 14. Bc4 Bc6 15. a3 Nd7 16. Qf2 Bxd4 17. Qxd4 Qa5 18. Nd5 e5 19. Ne7+ Kg7 20. Qxd6 Rfd8 21. Nxc6 bxc6 22. Qxc6 Rac8 23. Qb5 Qa7+ 24. Kh1 Rc5 25. Qb4 Rb8 26. Rxd7 Rxb4 27. Rxa7 Rbxc4 28. b4 Rc7 29. Rxc7 Rxc7 30. b5 Rxc2 31. Rb1 Rc7 32. Kg1 Kf6 33. b6 Rb7 34. Kf2 Ke6 35. Ke3 Kd7 36. Kd3 Kc8 37. Kc4 Rd7 38. Kb5 Rd3 39. Ka6 Kb8 40. Rc1 1-0

[Event "Pardubice Czech op"]
[Site "Pardubice"]
[Date "2007.07.22"]
[Round "3"]
[White "Adla, Diego Gustavo"]
[Black "Bajarani, Ilgar"]
[Result "0-1"]
[WhiteElo "2472"]
[BlackElo "2319"]
[PlyCount "90"]
[EventDate "2007.07.20"]
[EventType "swiss"]
[EventRounds "9"]
[EventCountry "CZE"]
[SourceTitle "CBM 119 Extra"]
[Source "ChessBase"]
[SourceDate "2007.09.04"]
[SourceVersion "1"]
[SourceVersionDate "2007.09.04"]
[SourceQuality "1"]

1. c4 Nf6 2. Nf3 c6 3. g3 d5 4. d4 dxc4 5. Bg2 b5 6. 0-0 e6 7. Ne5 Bb7 8. a4 Qc8 9. e4 Nbd7 10. Nxd7 Qxd7 11. axb5 cxb5 12. d5 e5 13. b3 cxb3 14. Qxb3 Bd6 15. Bg5 Be7 16. Nd2 a6 17. Nf3 Qd6 18. Qb2 Nd7 19. Bxe7 Qxe7 20. Rac1 Qd6 21. Bh3 f6 22. Nh4 g6 23. Qd2 Nb6 24. Qh6 Qf8 25. Qe3 Qd6 26. Be6 Nc4 27. Rxc4 bxc4 28. Rb1 Bc8 29. Rb6 Qd8 30. f4 exf4 31. gxf4 Bxe6 32. Rxe6+ Kf7 33. e5 fxe5 34. Nf3 Re8 35. Nxe5+ Kg8 36. Nc6 Qd7 37. Ne7+ Rxe7 38. Rxe7 Qxd5 39. Re8+ Rxe8 40. Qxe8+ Kg7 41. Qe7+ Kh6 42. Qh4+ Qh5 43. Qf6 Qc5+ 44. Kg2 c3 45. Qh4+ Kg7 0-1

[Event "Pardubice Czech op"]
[Site "Pardubice"]
[Date "2007.07.21"]
[Round "2"]
[White "Bajarani, Ilgar"]
[Black "Boskovic, Drasko"]
[Result "1/2-1/2"]
[WhiteElo "2319"]
[BlackElo "2473"]
[PlyCount "120"]
[EventDate "2007.07.20"]
[EventType "swiss"]
[EventRounds "9"]
[EventCountry "CZE"]
[SourceTitle "CBM 119 Extra"]
[Source "ChessBase"]
[SourceDate "2007.09.04"]
[SourceVersion "1"]
[SourceVersionDate "2007.09.04"]
[SourceQuality "1"]

1. e4 c5 2. g3 Nc6 3. Bg2 g6 4. Ne2 Bg7 5. 0-0 d6 6. c3 e5 7. Na3 Nge7 8. Nc2 0-0 9. b4 Be6 10. b5 Na5 11. d3 f5 12. f3 d5 13. exd5 Nxd5 14. c4 Ne7 15. Rb1 Qd7 16. Bd2 b6 17. Bxa5 bxa5 18. Ne1 f4 19. g4 h5 20. h3 Bf6 21. Qa4 Bh4 22. Qxa5 Bxe1 23. Rfxe1 Qxd3 24. Qc7 Qe3+ 25. Kh1 Rf7 26. Ng1 Qf2 27. Qxe5 Bxc4 28. Qg5 Re8 29. Re5 hxg4 30. Qxg4 Ref8 31. b6 axb6 32. Rxb6 Qd4 33. Qg5 Qd7 34. a4 Rg7 35. Rxc5 Qd4 36. a5 Bd3 37. Qe5 Qxe5 38. Rxe5 Ra8 39. Rd6 Ba6 40. Rde6 Ra7 41. Ne2 Bxe2 42. Rxe2 Nf5 43. Ra2 Kh7 44. a6 Rgc7 45. Kg1 Rc1+ 46. Kf2 Ne3 47. Rxe3 fxe3+ 48. Kxe3 Re1+ 49. Kf2 Rb1 50. f4 Kh6 51. Ra5 Rb4 52. Ke3 Rb3+ 53. Kd4 Rg3 54. Bb7 Rxh3 55. Rb5 Ra3 56. Rb6 Ra5 57. Rf6 Kg7 58. Rd6 Ra4+ 59. Kc5 Rxf4 60. Kb6 Rxa6+ 1/2-1/2

[Event "Tbilisi Chiburdanidze Cup 2nd"]
[Site "Tbilisi"]
[Date "2007.06.07"]
[Round "2"]
[White "Shanava, Konstantine"]
[Black "Bajarani, Ilgar"]
[Result "1-0"]
[WhiteElo "2532"]
[BlackElo "2319"]
[PlyCount "69"]
[EventDate "2007.06.06"]
[EventType "swiss"]
[EventRounds "9"]
[EventCountry "GEO"]
[SourceTitle "CBM 118 Extra"]
[Source "ChessBase"]
[SourceDate "2007.07.04"]
[SourceVersion "1"]
[SourceVersionDate "2007.07.04"]
[SourceQuality "1"]

1. e4 e6 2. d4 d5 3. Nd2 dxe4 4. Nxe4 Nd7 5. Nf3 Ngf6 6. Nxf6+ Nxf6 7. Bc4 a6 8. a4 c5 9. 0-0 cxd4 10. Qe2 Qc7 11. Rd1 Bd6 12. Bg5 Bd7 13. Rxd4 Bc5 14. Rh4 Bc6 15. Ne5 Bd5 16. Bxf6 gxf6 17. Ng4 0-0-0 18. Bxd5 Rxd5 19. Nxf6 Rf5 20. Ne4 Ba7 21. Rd1 Kb8 22. Rh5 Rxh5 23. Qxh5 f5 24. Nc3 Qb6 25. Qf3 Rc8 26. g3 h5 27. h4 Rc4 28. Rd7 f4 29. a5 Qxb2 30. Rd8+ Kc7 31. Qd3 Qc1+ 32. Kg2 f3+ 33. Kh2 Rd4 34. Rxd4 Bxd4 35. Qxd4 1-0